Countries That Border Guinea - Statistics

General Stats
  • This quiz has been taken 9 times
  • The average score is 5 of 6
Answer Stats
Answer % Correct
Guinea-Bissau
100%
Liberia
100%
Ivory Coast
89%
Sierra Leone
89%
Mali
78%
Senegal
78%
No matching quizzes found
Score Distribution
Percent of People with Each Score
Percentile by Number Answered
Your Score History
You have not taken this quiz